| 000 | 003480000a22001570004500 | ||
|---|---|---|---|
| 001 | 000310 | ||
| 003 | MACL | ||
| 040 | _aMACL | ||
| 090 |
_c310 _d310 |
||
| 100 | _aMahulkar, D.D | ||
| 245 |
_aEssays On Panini _cD.D Mahulkar |
||
| 260 |
_aIndian Institute Of Advanced Study, _c1998 |
||
| 350 | _a80 | ||
| 650 | _aEnglish Essays | ||
| 942 |
_k824 _cBook |
||
| 999 |
_c49617 _d49617 |
||